000
00204 a2200097 4500
001
8898
100
_a
Lewio L J
245
_a
The managment of education
260
_a
_b
Pall Mall
_c
090
_c
7088
_d
7088
942
_a
NUST-CAE
_c
M
_c
33698
999
_c
243971
_d
243971